Explorations in college algebra / (Record no. 6329)

MARC details
000 -LEADER
fixed length control field 01186pam a2200181 a 4500
020 ## - INTERNATIONAL STANDARD BOOK NUMBER
ISBN 0471106984 (pbk. : alk. paper)
050 00 - CALL NUMBER
Classification number QA152.2
Item number .K55
100 1# - AUTHOR
Personal name Kime, Linda Almgren.
245 10 - TITLE
Title Explorations in college algebra /
Statement of responsibility, etc Linda Almgren Kime, Judy Clark ; in collaboration with Norma M. Agras ... [et al.].
260 ## - PUBLICATION INFORMATION
Place of publication New York :
Name of publisher John Wiley,
Year of publication c1998.
300 ## - DESCRIPTION
Number of Pages xviii, 648 p. :
Other physical details ill. ;
Dimensions 26 cm.
500 ## - NOTES
General note Includes index.
505 ## - FORMATTED CONTENTS NOTE
Table of Content ALGEBRA IN THE SOCIAL SCIENCES --<br/>Making Sense of Data --<br/>An Introduction to Functions --<br/>Rates of Change --<br/>When Rates of Change Are Constant --<br/>Looking for Links: A Case Study in Education and Income --<br/>When Lines Meet --<br/>ALGEBRA IN THE PHYSICAL AND LIFE SCIENCES --<br/>Deep Time and Deep Space --<br/>Growth and Decay --<br/>Functioning with Powers --<br/>The Mathematics of Motion: A Case Study --<br/>Parabolic Reflections and Polynomials --<br/>Logarithmic Links: Logarithmic, Exponential and Power Functions --<br/>Appendices --<br/>Anthology of Readings --<br/>Answers to Algebra Aerobics --<br/>Brief Solutions to Odd-Numbered Problems --<br/>Index.
650 #0 - SUBJECTS
Topical Term Algebra.
700 1# - OTHER AUTHORS
Personal name Clark, Judy,
700 1# - OTHER AUTHORS
Personal name Agras, Norma M.
942 ## - ADDED ENTRY ELEMENTS (KOHA)
Koha item type Books
Holdings
Withdrawn status Lost status Collection code Home library Current library Shelving location Date acquired Full call number Accession Number Koha item type
    Reference Methodist University Library Main Methodist University Library Main General Stacks 07/03/2013 QA152.2 .K55 39162 Books
Copyright © 2026  MUG Library